[Event "Tata Steel Challengers"]
[Site "Wijk aan Zee NED"]
[Date "2025.01.29"]
[Round "10.4"]
[White "Nguyen, Thai Dai Van"]
[Black "Vaishali, Rameshbabu"]
[Result "1-0"]
[WhiteTitle "GM"]
[BlackTitle "GM"]
[WhiteElo "2668"]
[BlackElo "2476"]
[WhiteFideId "358878"]
[BlackFideId "5091756"]
[EventDate "2025.01.18"]

1. c4 e6 2. g3 d5 3. Bg2 d4 4. Nf3 Nc6 5. O-O Bc5 6. d3 Nf6 7. Nbd2 O-O 8. Nb3
Be7 9. e3 dxe3 10. Bxe3 Ng4 11. Bc5 Bxc5 12. Nxc5 b6 13. Ne4 Bb7 14. d4 Rb8 15.
Re1 Nf6 16. Nc3 Ne7 17. Ne5 Bxg2 18. Kxg2 a6 19. Qd3 b5 20. b3 bxc4 21. Qxc4 Qd6
22. Rad1 Rfd8 23. Kg1 Rb4 24. Qe2 h6 25. Qc2 c6 26. Nc4 Qb8 27. Na4 Nf5 28. Qc3
Nd5 29. Qc1 Rc8 30. Nc5 Qa7 31. a3 Rbb8 32. b4 Rd8 33. Na5 Rbc8 34. Rd3 Nde7 35.
Qc4 Rd5 36. Red1 Rcd8 37. Kg2 h5 38. Nab3 Ra8 39. Rc1 Qb6 40. Na5 Nd6 41. Qc2
Ndf5 42. Rcd1 Rad8 43. Qc4 Ra8 44. Na4 Qc7 45. Rc1 Rd6 46. Nc5 Qb6 47. h4 Qa7
48. Re1 Rd5 49. Re5 Qb6 50. Rd2 Qb5 51. Qc3 Rad8 52. Nab3 R8d6 53. Rd3 Qb6 54.
Qd2 Ng6 55. Re4 Qb5 56. Kg1 Rd8 57. Qd1 Nd6 58. Re2 Nf5 59. Red2 Nd6 60. Rc2 Nf5
61. Rdd2 Nd6 62. Na5 Nf5 63. Nab3 Nd6 64. Qf1 Ra8 65. Na5 Nf5 66. Nab3 Nge7 67.
Qd1 Rad8 68. Rc3 Ng6 69. Ne4 Qb6 70. Ng5 Nxd4 71. Nxd4 Rxd4 72. Rxd4 Rxd4 73.
Qxh5 Rd2 74. Rf3 Ne5 75. Rxf7 Rd1+ 76. Kg2 1-0

[Event "Tata Steel Challengers"]
[Site "Wijk aan Zee NED"]
[Date "2025.01.29"]
[Round "10.5"]
[White "L'Ami, Erwin"]
[Black "Oro, Faustino"]
[Result "1-0"]
[WhiteTitle "GM"]
[BlackTitle "IM"]
[WhiteElo "2614"]
[BlackElo "2447"]
[WhiteFideId "1007998"]
[BlackFideId "20000197"]
[EventDate "2025.01.18"]

1. Nf3 Nf6 2. c4 e6 3. g3 d5 4. Bg2 Be7 5. O-O O-O 6. b3 d4 7. e3 c5 8. exd4
cxd4 9. d3 Nc6 10. Re1 Re8 11. Ne5 Nxe5 12. Rxe5 Nd7 13. Re1 Bf8 14. Nd2 e5 15.
Rb1 a5 16. a3 Rb8 17. b4 axb4 18. axb4 b6 19. Ne4 Nf6 20. Bg5 Be7 21. Bxf6 Bxf6
22. c5 Be7 23. c6 Be6 24. b5 Ra8 25. h4 h6 26. Qh5 Qc7 27. Nd2 Bd6 28. Ne4 Bf8
29. Ra1 Red8 30. Qe2 Ba3 31. Nd2 Bb4 32. Reb1 Ra5 33. Qd1 Bc3 34. Rxa5 Bxa5 35.
Ra1 Bb4 36. Ra4 Qe7 37. Qc2 Bxd2 38. Qxd2 Qc5 39. Qb4 Qc1+ 40. Kh2 Qc2 41. Qe7
Rc8 42. Ra7 Qxf2 43. Qd6 e4 44. dxe4 Bc4 45. e5 Bxb5 46. e6 Bf1 47. exf7+ Kh7
48. Qd5 Bxg2 49. Qxg2 Qf5 50. Re7 Rf8 51. c7 d3 52. Re8 Qxf7 53. Qe4+ 1-0

[Event "Tata Steel Challengers"]
[Site "Wijk aan Zee NED"]
[Date "2025.01.29"]
[Round "10.6"]
[White "Divya, Deshmukh"]
[Black "Svane, Frederik"]
[Result "0-1"]
[WhiteTitle "IM"]
[BlackTitle "GM"]
[WhiteElo "2490"]
[BlackElo "2664"]
[WhiteFideId "35006916"]
[BlackFideId "12923044"]
[EventDate "2025.01.18"]

1. d4 Nf6 2. c4 g6 3. g3 c5 4. dxc5 Bg7 5. Bg2 Qa5+ 6. Nc3 Qxc5 7. Qa4 Ng4 8.
Ne4 Qc6 9. Qxc6 dxc6 10. Nf3 Na6 11. Rb1 Bf5 12. Nh4 Bxe4 13. Bxe4 O-O-O 14. O-O
Nc5 15. Bc2 Ne6 16. Nf3 Ne5 17. Nxe5 Bxe5 18. Be3 Bd4 19. Bc1 h5 20. h4 Rd7 21.
b4 Rhd8 22. Kg2 Kb8 23. c5 Nc7 24. Bf4 Kc8 25. Bb3 e6 26. Bc4 Bf6 27. Rfc1 Nd5
28. Bxd5 Rxd5 29. a4 Be5 30. Bxe5 Rxe5 31. Rb2 Red5 32. Rcc2 Kc7 33. Kf3 Rd1 34.
b5 R8d7 35. b6+ Kb8 36. a5 a6 37. Ra2 Kc8 38. e3 Kd8 39. Ra4 Ke7 40. g4 hxg4+
41. Kxg4 R7d2 42. Raa2 Rg1+ 43. Kf4 Rxc2 44. Rxc2 Ra1 45. f3 Rxa5 46. e4 Rb5 47.
Ke5 Rb4 48. Rc1 a5 49. Kf4 a4 50. Kg5 a3 51. Ra1 Ra4 52. e5 a2 53. f4 Kf8 54. h5
gxh5 55. Kxh5 Kg7 56. Rg1+ Kf8 57. Ra1 Ke7 58. Kg5 Ra3 59. Kh5 f6 60. Kg6 Rg3+
61. Kh5 Ra3 62. Kg6 Rg3+ 63. Kh5 Rg2 64. Kh4 Kf7 65. Kh3 Rb2 66. Kg4 Kg6 67. f5+
exf5+ 68. Kf4 Rb4+ 0-1

[Event "Tata Steel Challengers"]
[Site "Wijk aan Zee NED"]
[Date "2025.01.29"]
[Round "10.7"]
[White "Pijpers, Arthur"]
[Black "Bulmaga, Irina"]
[Result "1-0"]
[WhiteTitle "IM"]
[BlackTitle "IM"]
[WhiteElo "2474"]
[BlackElo "2386"]
[WhiteFideId "1019554"]
[BlackFideId "13903063"]
[EventDate "2025.01.18"]

1. e4 e5 2. Nf3 Nc6 3. Bb5 Nf6 4. d3 Bc5 5. Nbd2 O-O 6. Bxc6 dxc6 7. Nc4 Nd7 8.
Ne3 Re8 9. g4 Bxe3 10. Bxe3 Nf8 11. Rg1 b6 12. Qd2 a5 13. O-O-O c5 14. g5 Qd6
15. Qc3 a4 16. h4 Bb7 17. h5 Qe6 18. h6 g6 19. Kb1 Nd7 20. Nh2 Qc6 21. Ng4 b5
22. f4 b4 23. Qd2 exf4 24. Bxf4 Qb6 25. Be3 Qe6 26. Bxc5 Nxc5 27. Qxb4 Qb6 28.
Nf6+ Kh8 29. Qc3 Qa5 30. Qxa5 Rxa5 31. Nxe8 Ne6 32. Rdf1 Nxg5 33. Nxc7 Kg8 34.
c4 Re5 35. Nb5 Bc6 36. Nd6 Re6 37. Rxg5 Rxd6 38. Kc2 f6 39. e5 1-0